00592nam a22001697a 450000500170000001000130001702000260003003500130005603700240006908200080009310000190010124501440012026000320026427000670029630000300036349000290039320111202104834.0 aB-454800 a9788179932087c185.00 aB-454800 aBlue Berry/VenbDPL a520 aKidwai, Kemaya a101 Questions & Answers Spell Binding Space :bThe quickest way to increase your green quotient /cby Kemaya Kidwai; edited by Pallavi Sah. aNew DelhibTeri Pressc2008 aDarbari Seth Block, IHC Complex, Lodhi RoadbNew Delhie110003 a46p.bcol.illc28cm. (Hb) aGreen Genius 101 Q and A